Statistics for Districts of Konya (Konya'nın ilçeleri).

Click here to take the quiz!

General Stats

  • This quiz has been taken 73 times
  • The average score is 16 of 31

Answer Stats

Population (Nüfus)District (İlçe)% Correct
93.965Akşehir
88%
77.690Beyşehir
88%
690.667Selçuklu
88%
348.325Meram
79%
50.677Cihanbeyli
76%
150.978Ereğli
76%
370.927Karatay
76%
65.465Seydişehir
74%
51.612Kulu
71%
50.323Karapınar
56%
67.690Çumra
53%
53.489Ilgın
50%
27.771Sarayönü
50%
25.307Bozkır
47%
31.206Kadınhanı
44%
20.991Yunak
44%
4.574Ahırlı
41%
7.724Emirgazi
41%
9.266Güneysınır
41%
3.909Halkapınar
41%
5.836Akören
38%
5.768Taşkent
38%
1.710Yalıhüyük
38%
14.289Altınekin
35%
10.999Hadim
35%
15.144Hüyük
35%
6.062Tuzlukçu
35%
9.429Çeltik
32%
4.052Derbent
29%
5.690Derebucak
29%
14.812Doğanhisar
26%

Score Distribution

Percentile by Number Answered

Percent of People with Each Score

Your Score History

You have not taken this quiz